Gaming Quiz

Random Gaming or Nintendo Quiz
Score 0/20 Timer 02:30
0 Plays Today
Question Answer Wrong Answers
New Super ___ Bros. Wii (2009) Mario
94.2%
Blues
0.4%
Warner
0.6%
Jonas
0.4%
Call of ___: Black Ops (2010) Duty
93.6%
Victory
0.8%
Cthulhu
0.7%
Chernobyl
0.3%
Tony Hawk's Pro ___ 2 (2000) Skater
91.2%
Skier
1.4%
Driver
1.7%
Hunter
1.2%
Tom Clancy's Splinter ___: Essentials (2006) Cell
87.7%
Slot
2.1%
Spot
2.8%
Sell
2.7%
The Secret of Monkey ___ (1990) Island
86.6%
Valley
3.4%
Lake
2.4%
Mansion
3.4%
The Elder ___ V: Skyrim (2011) Scrolls
84.3%
Berries
1.8%
Legends
4.9%
Wisemen
4.4%
Grand Theft Auto: San ___ (2004) Andreas
82%
Francisco
9%
Diego
4.1%
Sebastian
0.7%
Assassin's Creed IV: Black ___ (2013) Flag
73.2%
Armada
9.5%
Times
2.7%
Sun
10.6%
Fallout Tactics: Brotherhood of ___ (2001) Steel
72.3%
Gold
8.8%
Uran
9.8%
Relativity
4.4%
Neverwinter Nights: ___ of Undrentide (2003) Shadows
70.8%
Lives
6.4%
Love
2.9%
King
15.3%
___: Symphony of the Night (1997) Castlevania
70.3%
Transylvania
21.6%
Pennsylvania
2.2%
Vanilla
1.1%
Star Wars Jedi: Fallen ___ (2019) Order
69.8%
Cause
0.9%
Kingdom
24.3%
Faith
1.1%
Anno 1701: Dawn of ___ (2007) Discovery
69.1%
Tragedy
8.9%
Modernity
12%
Nationalism
5.3%
The Witcher 3: Wild ___ (2015) Hunt
67.6%
Run
7.1%
Magic
18.1%
Broom
2.8%
Ace Combat 7: ___ Unknown (2019) Skies
65.9%
Roads
14.4%
Waters
10.4%
People
4.8%
What Remains of Edith ___ (2017) Finch
57.3%
Dove
4.8%
Sparrow
19.6%
Hawk
13.4%
X-Men: Children of the ___ (1994) Atom
55.8%
Ants
1.3%
Corn
12.8%
Forest
25.4%
StarCraft II: Wings of ___ (2010) Liberty
54.6%
Poverty
1.5%
Prey
26.3%
Desire
13.1%
Uncharted 4: A Thief's ___ (2016) End
39.1%
Fortune
19%
Reward
17.1%
Story
20.5%
Wolfenstein II: The New ___ (2017) Colossus
31.1%
World
35%
Den
5.2%
Pack
24.5%
Remove Ads.
Support Sporcle.
Get the best of Sporcle when you Go Orange. This ad-free experience offers more features, more stats, and more fun while also helping to support Sporcle. Thank you for becoming a member.

You're not logged in!

Compare scores with friends on all Sporcle quizzes.
OR
Log In

Show Comments

Extras

Top Quizzes Today


Score Distribution

Your Account Isn't Verified!

In order to create a playlist on Sporcle, you need to verify the email address you used during registration. Go to your Sporcle Settings to finish the process.

Report this User

Report this user for behavior that violates our Community Guidelines.

Details: